<?xml version="1.0" encoding="UTF-8"?>
<record
    xmlns:xsi="http://www.w3.org/2001/XMLSchema-instance"
    xsi:schemaLocation="http://www.loc.gov/MARC21/slim http://www.loc.gov/standards/marcxml/schema/MARC21slim.xsd"
    xmlns="http://www.loc.gov/MARC21/slim">

  <leader>00748nam a2200133Ia 4500</leader>
  <controlfield tag="008">231221s9999    xx            000 0 und d</controlfield>
  <datafield tag="041" ind1=" " ind2=" ">
    <subfield code="a">English</subfield>
  </datafield>
  <datafield tag="100" ind1=" " ind2=" ">
    <subfield code="a">Doraswamy, M Dr. </subfield>
  </datafield>
  <datafield tag="245" ind1=" " ind2="0">
    <subfield code="a">Familiarity And Use Of The Available Electronic Information Resources By The Students In Siddhartha Engineering College Library: A Survey [electronic resource : ppt]</subfield>
  </datafield>
  <datafield tag="260" ind1=" " ind2=" ">
    <subfield code="c">2005</subfield>
    <subfield code="b">DELNET/PESIT</subfield>
    <subfield code="a">Bangalore</subfield>
  </datafield>
  <datafield tag="510" ind1=" " ind2=" ">
    <subfield code="a">Presentation given during the National Convention on Library and Information Newtorking (NACIN 2005) held at PES Institute of Technology Bangalore August 22-25, 2005 on ' Strategies for Managing Knowledge Resoruces : Promoting Research,</subfield>
  </datafield>
  <datafield tag="650" ind1=" " ind2=" ">
    <subfield code="a">Familiarity,Information,Resources,By,Siddhartha,Library:,Survey</subfield>
  </datafield>
  <datafield tag="942" ind1=" " ind2=" ">
    <subfield code="c">DL</subfield>
  </datafield>
  <datafield tag="999" ind1=" " ind2=" ">
    <subfield code="c">204135</subfield>
    <subfield code="d">204135</subfield>
  </datafield>
  <datafield tag="952" ind1=" " ind2=" ">
    <subfield code="r">2024-01-26 00:00:00</subfield>
    <subfield code="l">0</subfield>
    <subfield code="p">DL255</subfield>
    <subfield code="u">digital/NACLIN2005/24.08.2005/FAMILIARITY AND USE OF THE AVAILABLE ELECTRONIC INFORMATION RESOURCES BY THE STUDENTS IN SIDDHARTHA ENGI.ppt</subfield>
    <subfield code="w">2024-01-26</subfield>
    <subfield code="y">DL</subfield>
    <subfield code="1">0</subfield>
    <subfield code="4">0</subfield>
    <subfield code="7">0</subfield>
    <subfield code="8">CL</subfield>
    <subfield code="0">0</subfield>
    <subfield code="a">ML</subfield>
    <subfield code="b">ML</subfield>
    <subfield code="c">CL</subfield>
    <subfield code="d">0000-00-00</subfield>
    <subfield code="L">23/12/2009</subfield>
    <subfield code="G">RS</subfield>
    <subfield code="F">1</subfield>
    <subfield code="V">0</subfield>
    <subfield code="W">0</subfield>
  </datafield>
</record>
